Разработка, организация производства и применение малогабаритных источников рентгеновского и электронного излучения; Известия Томского политехнического университета [Известия ТПУ]; Неразрушающий контроль и диагностика

Bibliografiske detaljer
Parent link:Томский политехнический университет. Известия Томского политехнического университета [Известия ТПУ]/ Томский политехнический университет (ТПУ).— .— Томск: Изд-во ТПУ, 1998-2015.— 1684-8519
Неразрушающий контроль и диагностика.— 2008.— [С. 23-32]
Andre forfattere: Чахлов В. Л. Владимир Лукьянович, Бронников А. Г., Волков В. Г. Владимир Григорьевич, Зеленов Ю. Н., Звонцов А. А. Александр Акимович, Зрелов Ю. Д. Юрий Дмитриевич, Касьянов В. А. Валерий Алексеевич, Пушин В. С., Филимонов А. А. Анатолий Алексеевич, Штейн М. М. Михаил Михайлович, Филипьев А. М., Сафронов А. С., Носенко А. П., Рычков М. М. Максим Михайлович, Токач Е. Ф. Евгений Фидельевич, Демченко С. А., Шумный Е. П. Евгений Петрович, Романов В. В.
Summary:Заглавие с титульного листа
Электронная версия печатной публикации
Sprog:russisk
Udgivet: 2008
Serier:Радиационные методы контроля и испытаний
Fag:
Online adgang:http://www.lib.tpu.ru/fulltext/v/Bulletin_TPU/2008/v312/i2app/06.pdf
Format: MixedMaterials Electronisk Book Chapter
KOHA link:https://koha.lib.tpu.ru/cgi-bin/koha/opac-detail.pl?biblionumber=172977

MARC

LEADER 00000naa2a2200000 4500
001 172977
005 20250403161527.0
035 |a (RuTPU)RU\TPU\book\187633 
035 |a RU\TPU\book\187619 
090 |a 172977 
100 |a 20091217d2008 k y0rusy50 ca 
101 0 |a rus 
102 |a RU 
135 |a drnn ---uucaa 
181 0 |a i  
182 0 |a b 
200 1 |a Разработка, организация производства и применение малогабаритных источников рентгеновского и электронного излучения  |f В. Л. Чахлов [и др.] 
203 |a Текст  |c электронный 
215 |a 1 файл (17.3 Мб) 
225 1 |a Радиационные методы контроля и испытаний 
300 |a Заглавие с титульного листа 
300 |a Электронная версия печатной публикации 
337 |a Adobe Reader 
461 1 |0 162495  |t Известия Томского политехнического университета [Известия ТПУ]  |f Томский политехнический университет (ТПУ)  |d 1998-2015  |9 162495  |a Томский политехнический университет  |c Томск  |n Изд-во ТПУ  |x 1684-8519 
463 1 |0 172956  |t Неразрушающий контроль и диагностика  |d 2008  |9 172956  |a Клименов, В. А. (российский ученый, специалист в области неразрушающего контроля ; 1951-)  |o Труды Международной научно-технической конференции, Томск 2008 г.  |v [С. 23-32] 
610 1 |a рентгеновское излучение 
610 1 |a электронное излучение 
610 1 |a излучение 
610 1 |a источники излучений 
610 1 |a ионизирующее излучение 
610 1 |a радиоактивные изотопы 
610 1 |a ускорители 
610 1 |a бетатроны 
610 1 |a труды учёных ТПУ 
610 1 |a электронный ресурс 
701 1 |a Чахлов  |b В. Л.  |c российский физик  |c Заслуженный профессор Томского политехнического университета  |f 1934-  |g Владимир Лукьянович  |3 (RuTPU)RU\TPU\pers\19882 
701 1 |a Бронников  |b А. Г. 
701 1 |a Волков  |b В. Г.  |c физик  |c старший научный сотрудник Томского политехнического университета, кандидат технических наук  |f 1948-  |g Владимир Григорьевич  |3 (RuTPU)RU\TPU\pers\34390  |9 17845 
701 1 |a Зеленов  |b Ю. Н. 
701 1 |a Звонцов  |b А. А.  |c физик  |c старший научный сотрудник Томского политехнического университета, кандидат технических наук  |f 1940-  |g Александр Акимович  |3 (RuTPU)RU\TPU\pers\31479 
701 1 |a Зрелов  |b Ю. Д.  |c физик  |c научный сотрудник Томского политехнического университета  |f 1950-  |g Юрий Дмитриевич  |3 (RuTPU)RU\TPU\pers\36003 
701 1 |a Касьянов  |b В. А.  |c специалист в области неразрушающего контроля  |c заведующий лабораторией Научно-исследовательского института интроскопии Томского политехнического университета, кандидат технических наук  |f 1950-  |g Валерий Алексеевич  |3 (RuTPU)RU\TPU\pers\25526  |9 11456 
701 1 |a Пушин  |b В. С. 
701 1 |a Филимонов  |b А. А.  |c специалист в области неразрушающего контроля  |c старший научный сотрудник Томского политехнического университета, кандидат технических наук  |f 1938-  |g Анатолий Алексеевич  |3 (RuTPU)RU\TPU\pers\31190 
701 1 |a Штейн  |b М. М.  |c физик  |c заведующий лабораторией Томского политехнического университета, кандидат технических наук  |f 1938-  |g Михаил Михайлович  |3 (RuTPU)RU\TPU\pers\31481 
701 1 |a Филипьев  |b А. М. 
701 1 |a Сафронов  |b А. С. 
701 1 |a Носенко  |b А. П. 
701 1 |a Рычков  |b М. М.  |c физик  |c научный сотрудник Томского политехнического университета  |g Максим Михайлович  |3 (RuTPU)RU\TPU\pers\27733  |4 070 
701 1 |a Токач  |b Е. Ф.  |c физик  |c инженер-электроник Томского политехнического университета  |f 1982-  |g Евгений Фидельевич  |3 (RuTPU)RU\TPU\pers\36002 
701 1 |a Демченко  |b С. А. 
701 1 |a Шумный  |b Е. П.  |c специалист в области промышленной электроники  |c инженер Томского политехнического университета  |f 1981-  |g Евгений Петрович  |3 (RuTPU)RU\TPU\pers\43758 
701 1 |a Романов  |b В. В. 
801 1 |a RU  |b 63413507  |c 20090401  |g PSBO 
801 2 |a RU  |b 63413507  |c 20190521  |g RCR 
856 4 |u http://www.lib.tpu.ru/fulltext/v/Bulletin_TPU/2008/v312/i2app/06.pdf 
942 |c CF